00693nam a2200181Ia 4500008004100000020001800041041000800059082001800067100002800085245006600113260002300179300000800202365001600210700003700226906005500263999001900318952017400337230718s9999 xx 000 0 und d a9780812986365 aeng a658.4'07bBRA aBrabandere L.D.9195517 aThinking In New BoxesbA New Paradigm For Business Creativity c2013bRandom House a330 cRs.b599.00 aBrabandere L.D. & Iny A.9195518 dO:0368624-Jan-2014B:447511-Nov-2013cGENRLb131.78 c334993d334993 00104070aCCEPbCCEPd2014-01-29eTechnical Book ServicesfGENRLg467.22i4475l0o658.4'07pCCEP-BK-46200r2023-07-18 00:00:00t131.78v599.00w2013-11-11yBKz046200